|
|
|
|
| LEADER |
00000nam a2200000 a 4500 |
| 001 |
UCP0069 |
| 003 |
CL-VaPUC |
| 008 |
990128e19750000US |||||||||||||||||eng|d |
| 082 |
0 |
4 |
|a 515
|b ONE
|2 21
|
| 100 |
|
|
|a O'Neil, Peter V.
|e author
|9 531061
|
| 245 |
1 |
0 |
|a Advanced calculus: pure and applied
|
| 300 |
|
|
|a 622 p
|
| 942 |
|
|
|c BK
|
| 945 |
|
|
|d 19990128 00:00:00
|a crobeson
|
| 260 |
|
|
|a Nueva York
|b MacMillan
|c 1975
|
| 650 |
|
0 |
|a Cálculo
|9 260234
|
| 650 |
|
7 |
|a INTEGRALES REALES IMPROPIAS
|2 CL-VaPUC
|9 424998
|
| 650 |
|
0 |
|a Vectores
|9 317184
|
| 650 |
|
0 |
|a Funciones de una variable
|9 424999
|
| 650 |
|
0 |
|a Series de Fourier
|9 260465
|
| 583 |
|
|
|a last modification
|c 19990128 00:00:00
|k Rodrigo Vera
|
| 999 |
|
|
|c 278955
|d 278953
|
| 952 |
|
|
|0 0
|1 0
|4 0
|6 515_000000000000000_ONE_1975
|7 0
|8 A
|9 317779
|a BIBMAT
|b BIBMAT
|d 2019-11-20
|i 132098K
|o 515 ONE 1975
|p 132098K
|r 2025-01-07
|w 2019-11-20
|y BK
|k MAT
|